The Red Badge of courage: an episode of the American civil war
Gardado en:
| Autor Principal: | |
|---|---|
| Formato: | Libro |
| Idioma: | Undetermined |
| Publicado: |
New York
Modern Library
1993
|
| Những chủ đề: | |
| Các nhãn: |
Engadir etiqueta
Sen Etiquetas, Sexa o primeiro en etiquetar este rexistro!
|
| Thư viện lưu trữ: | Trung tâm Học liệu Trường Đại học Cần Thơ |
|---|
| LEADER | 00544nam a2200181Ia 4500 | ||
|---|---|---|---|
| 001 | CTU_13641 | ||
| 008 | 210402s9999 xx 000 0 und d | ||
| 082 | |a 813.4 | ||
| 082 | |b C891 | ||
| 100 | |a S Crane | ||
| 245 | 4 | |a The Red Badge of courage: an episode of the American civil war | |
| 245 | 0 | |c S Crane | |
| 260 | |a New York | ||
| 260 | |b Modern Library | ||
| 260 | |c 1993 | ||
| 650 | |a american fiction,historical fiction, american | ||
| 904 | |i Nguyễn Quang Điền, 961206 | ||
| 980 | |a Trung tâm Học liệu Trường Đại học Cần Thơ | ||